书目信息 |
| 题名: |
语料库应用教程
|
|
| 作者: | 梁茂成 , 李文中 , 许家金 著 | |
| 分册: | ||
| 出版信息: | 北京 外语教学与研究出版社 2010.08 |
|
| 页数: | 241页 | |
| 开本: | 25cm | |
| 丛书名: | 全国高等学校外语教师教学实践系列 | |
| 单 册: | ||
| 中图分类: | H03 | |
| 科图分类: | ||
| 主题词: | 词语--ci yu--研究--教材 | |
| 电子资源: | ||
| ISBN: | 978-7-5600-9844-9 | |
| 000 | 01305nam 2200313 450 | |
| 001 | B00000067023 | |
| 005 | 20110716153955.70 | |
| 010 | @a978-7-5600-9844-9@dCNY43.90 (含光盘) | |
| 010 | @a978-7-89478-557-2@b光盘 | |
| 100 | @a20100824d2010 km y0chiy50 ea | |
| 101 | 0 | @achi |
| 102 | @aCN@b110000 | |
| 105 | @aa z 000yy | |
| 106 | @ar | |
| 200 | 1 | @a语料库应用教程@Ayu liao ku ying yong jiao cheng@d= Using corpora:a practical coursebook@f梁茂成, 李文中, 许家金著@zeng |
| 210 | @a北京@c外语教学与研究出版社@d2010.08 | |
| 215 | @a241页@c图@d25cm | |
| 225 | 2 | @a全国高等学校外语教师教学实践系列@Aquan guo gao deng xue xiao wai yu jiao shi jiao xue shi jian xi lie |
| 330 | @a本书注重操作与应用,便于学习者边读边做,既可作为教学与培训教材,又是很好的自学入门读物。本书分为三大部分:第一部分:介绍语料库语言学的基本知识与语料库的基本操作;第二部分:介绍语料库在外语教学与外语学习中的应用;第三部分:探讨语料库在外语研究中的应用。 | |
| 410 | 0 | @12001 @a全国高等学校外语教师教学实践系列 |
| 510 | 1 | @aUsing corpora:a practical coursebook@zeng |
| 586 | @a | |
| 606 | 0 | @a词语@Aci yu@x研究@j教材 |
| 690 | @aH03@v5 | |
| 701 | 0 | @a梁茂成@Aliang mao cheng@4著 |
| 701 | 0 | @a李文中@Ali wen zhong@4著 |
| 701 | 0 | @a许家金@Axu jia jin@4著 |
| 801 | 0 | @aCN@c20110610 |
| 905 | @dH03@eL405@f3 | |
| 语料库应用教程= Using corpora:a practical coursebook/梁茂成, 李文中, 许家金著.-北京:外语教学与研究出版社,2010.08 |
| 241页:图;25cm.-(全国高等学校外语教师教学实践系列) |
| ISBN 978-7-5600-9844-9:CNY43.90 (含光盘) |
| 本书注重操作与应用,便于学习者边读边做,既可作为教学与培训教材,又是很好的自学入门读物。本书分为三大部分:第一部分:介绍语料库语言学的基本知识与语料库的基本操作;第二部分:介绍语料库在外语教学与外语学习中的应用;第三部分:探讨语料库在外语研究中的应用。 |
| ● |
| 相关链接 |
|
|
|
正题名:语料库应用教程
索取号:H03/L405
 
预约/预借
| 序号 | 登录号 | 条形码 | 馆藏地/架位号 | 状态 | 备注 |
| 1 | 885243 | 208852437 | 语言库209/209语言库 66排1列5层/ [索取号:H03/L405] | 在馆 | |
| 2 | 885244 | 208852446 | 社科二线400B/400B社科库 8排1列3层/ [索取号:H03/L405] | 在馆 | |
| 3 | 885245 | 208852455 | 语言库209/209语言库 66排1列5层/ [索取号:H03/L405] | 在馆 |